Statystyki dla Marka na W

Kliknij tutaj aby rozwiązać quiz!

Ogólne statystyki

  • Ten quiz został rozwiązany 34 razy
  • Średni wynik to 2 z 8

Statystyki odpowiedzi

Odpowiedź% Poprawnych
Wedel
55%
Warka
45%
Volkswagen
36%
Winston
14%
Wojak
14%
Walmart
9%
Wikipedia
9%
West
5%

Rozkład punktacji

Percentyl według liczby udzielonych odpowiedzi

Procent ludzi z każdym wynikiem

Twoja historia wyników

Nie rozwiązałeś tego quizu